[Event "Hannover Ihme Cup"]
[Site "Hannover"]
[Date "2016.05.22"]
[Round "5"]
[White "Wielebinski, Paul Martin"]
[Black "Hauernherm, Stefan"]
[Result "1-0"]
[WhiteElo "1998"]
[BlackElo "2052"]
[PlyCount "37"]
[EventDate "2016.05.20"]
[EventType "swiss"]
[EventRounds "5"]
[EventCountry "GER"]
[SourceTitle "CBM 189 Extra"]
[Source "ChessBase"]
[SourceDate "2019.06.03"]
[SourceVersion "1"]
[SourceVersionDate "2019.06.03"]
[SourceQuality "1"]

1. e4 c5 2. Nf3 d6 3. d4 cxd4 4. Nxd4 Nf6 5. Nc3 g6 6. Be3 Bg7 7. f3 0-0 8. Qd2 Nc6 9. Bc4 Bd7 10. 0-0-0 Rc8 11. Bb3 Nxd4 12. Bxd4 b5 13. h4 a5 14. h5 a4 15. Bxf6 exf6 16. h6 Bh8 17. Qxd6 Rxc3 18. Qxd7 Qb8 19. Bxf7+ 1-0

[Event "Oberliga Nord W 1112"]
[Site "Germany"]
[Date "2011.10.23"]
[Round "2.5"]
[White "Hauernherm, Stefan"]
[Black "Bierenbroodspot, Paul"]
[Result "1-0"]
[WhiteElo "2108"]
[BlackElo "2179"]
[PlyCount "51"]
[EventDate "2011.10.02"]
[EventType "team-tourn"]
[EventRounds "9"]
[EventCountry "GER"]
[SourceTitle "EXT 2013"]
[Source "ChessBase"]
[SourceDate "2012.11.22"]
[SourceVersion "1"]
[SourceVersionDate "2012.11.22"]
[SourceQuality "1"]
[WhiteTeam "Braunschweig Gliesmarode"]
[BlackTeam "Nordhorn Blanke"]
[WhiteTeamCountry "GER"]
[BlackTeamCountry "GER"]

1. d4 d5 2. Nf3 Nf6 3. c4 c6 4. Nc3 dxc4 5. a4 Na6 6. e4 Nb4 7. Bxc4 a5 8. 0-0 e6 9. Qe2 Be7 10. h3 0-0 11. Be3 Nd7 12. Rfd1 b6 13. d5 exd5 14. exd5 c5 15. Bf4 Bf6 16. Re1 Bb7 17. Qd2 Ba6 18. Nb5 Rc8 19. Bd6 Re8 20. Rxe8+ Qxe8 21. Re1 Qd8 22. b3 Nf8 23. Bxf8 Kxf8 24. d6 Qd7 25. Qf4 Nc2 26. Re7 1-0